000 00718nam a2200217 ar4500
001 3524
005 20221127090751.0
008 130925s xxk 0001f|eng d
020 _a9781847671707(pbk)
082 0 4 _a839.78
_bAl89 2009
100 1 _aAlvtegen, Karin,
_d1965-.
245 1 0 _aShadow /
_cKarin Alvtegen ; translated from the Swedish by McKinley Burnett.
260 _aEdinburgh :
_bCanongate,
_c2009.
300 _a311 p. ;
_c24 cm.
500 _aOriginally pub.: 2007.
650 4 _aSwedish fiction
_xTranslations into English.
650 4 _aSwedish fliterature
_y21st century.
650 4 _aEnglish fiction
_xForeign countries.
650 4 _aSuspense fiction.
700 0 _aBurnett, McKinley,
_etranslator.
999 _c3522
_d3522